02086nam a22002897a 4500003000900000008004100009040007100050082002600121245010900147260003600256300004600292440011300338505104700451650001901498650001601517650001301533650002001546650001301566700003601579700002301615700002801638700003001666700001901696700002201715700003001737700002901767AR-CdUCM190425b ||||| |||| 00| 0 spa d aMUNICIPALIDAD PROVINCIAL DEL CUSCOcBIBLIOTECA MUNICIPAL DEL CUSCO aRev.AILLU/N°1-2/1945 aRevista El Aillu :bRevista Peruana de Antropología, Etnología Folklore Lingüística e Historia / aCusco :bLa Económica,c1945. a216 páginas. :bilustraciones ;c24 cm. aEl Aillu Revista de Antropología Etnología Folklore Lingüística e Historia.nAño I, N°1.-2, 1945. aContenido: Escarbe de papas en la región andina de Puno. -- Cartilla de la ciencia del folklore. -- La etimología del nombre Cusco. -- Los cantos religiosos antiguos. Miguel Ángel Delgado Vivanco. -- El indio Pako. Alejandro Perales. -- Sueño y aurora. Gonzales Prada. -- Semana del Inti Raymi del Cusco. -- Noticias de la amada. -- Desde el camino. -- La ausencia. -- Los yaravíes. -- Mensaje de los poetas del mundo. -- San Francisco de Asís y su obra. -- Los ayllus pre-incas- -- Hombre de Cotabambas. Erasmo Delgado Vivanco. -- Mi credo referente al origen del hombre americano y el libro de Paul Rivet. -- Barbarismos de uso frecuente. Max J. Galdo G. -- El maíz es peruano. -- Interviú de el aillu. Fernando Cámara. -- Gabriela Mistral la gran poetisa diplomática araucana. -- El inventor cusqueño. Luis A. Villafuerte Rozas. -- Historia revista peruana de cultura. Jorge Basadre. -- Origen y desarrollo de las civilizaciones prehistóricas andinas. Julio C. Tello.-- Bosquejo de una introducción al folklore. aAntropología aEtnología aFolklore aLingüística aHistoria aDelgado Vivanco, Miguel Ángel aPerales, Alejandro aDelgado Vivanco, Erasmo aVillafuerte Rozas, Luis A aBasadre, Jorge aMistral, Gabriela aGonzáles Prada, Alfredo aGonzáles Prada, Manuel